| 000 | 00839cam a2200277 i 4500 | ||
|---|---|---|---|
| 001 | 20532880 | ||
| 003 | OSt | ||
| 005 | 20250609153312.0 | ||
| 008 | 180608s2019 nyua 001 0 eng | ||
| 010 | _a 2018026320 | ||
| 020 | _a9789390727926 | ||
| 020 | _a9781307850529 | ||
| 040 |
_aDLC _beng _cDLC _erda _dDLC |
||
| 042 | _apcc | ||
| 050 | 0 | 0 |
_aHG4026 _b.R675 2019 |
| 082 | 0 | 0 |
_a658.15 _bROS/C |
| 100 |
_aRoss, Stephen A _eauthor. _91224 |
||
| 245 | 1 | 0 |
_aCorporate finance / _cStephen A. Ross [and three others]. |
| 250 | _aTwelfth edition. | ||
| 264 | 1 |
_aNew York, NY : _bMcGraw-Hill Education, _c[2019] |
|
| 300 |
_axxxii, 1066 pages : _c26 cm |
||
| 336 |
_atext _btxt _2rdacontent |
||
| 500 | _aIncludes indexes. | ||
| 650 | 0 |
_aCorporations _xFinance. |
|
| 942 |
_2ddc _cBK _h658.15 _iROS/C _k658.15 _mROS/C |
||
| 999 |
_c44449 _d44449 |
||